000 00712nam a2200241Ia 4500
001 18456
003 GE_BSU
008 181216s||||||||xx |||||||||||||| ||und||
020 _a9781292041896
040 _cGE_BSU
080 _a658
100 _aNiles,S. Harris-Bowlsbey,J.
245 _aCareer Development interventions in the 21st Century
250 _aPearson New International Edition. Fourth edition
260 _aHarlow
260 _bPearson
260 _c2014
300 _a420p. 28cm.
653 _aCareer Development interventions in the 21st Century
653 _aკარიერა, მართვა.
653 _aშრომის ორგანიზაცია
942 _cBK
999 _c51470
_d51470